[Event "YUG-ch"]
[Site "Podgorica"]
[Date "1996.??.??"]
[Round "7"]
[White "Pikula, Dejan"]
[Black "Drasko, Milan"]
[Result "1-0"]
[WhiteElo "2455"]
[BlackElo "2505"]
[Annotator "Notkin,M"]
[PlyCount "103"]
[EventDate "1996.02.??"]
[EventType "tourn"]
[EventRounds "15"]
[EventCountry "YUG"]
[EventCategory "9"]
[SourceTitle "CBM 053"]
[Source "ChessBase"]
[SourceDate "1996.08.01"]
[SourceVersion "1"]
[SourceVersionDate "1996.08.01"]
[SourceQuality "1"]

1. e4 {King} e6 2. d4 d5 3. Nc3 Bb4 4. e5 c5 5. a3 Bxc3+ 6. bxc3 Ne7 7. Nf3 b6
8. Bb5+ Bd7 9. Bd3 Ba4 10. h4 h6 11. h5 Nbc6 (11... Qc7 12. O-O Nd7 13. Re1 Qc6
14. Rb1 a6 15. Nd2 $1 cxd4 16. cxd4 Bb5 17. Rxb5 $1 axb5 18. Qe2 $16 {Topalov,
V-Gulko,B/Dos Hermanas/1994/1:0/34/}) (11... c4 12. Be2 Kd7 13. Nh4 Qg8 14. Bg4
Qh7 15. Ra2 Na6 16. Rh3 Nc7 $13 {Georgiev,K-Yusupov,A/Las Palmas/1993/0:1/48/})
12. Rh4 (12. g3 Rc8 (12... c4) 13. Be3 Na5 14. O-O Qd7 15. Nh4 Bb5 16. Qg4 Bxd3
17. cxd3 $14 {Dolmatov,S-Dokhoian,Y/Irkutsk/1986/43/}) 12... c4 13. Be2 Kd7 {
King: This is a well known march. As the queenside is (relatively) closed, it
makes sense to move the king in that direction, for it is the kingside where
tthe actioon is most likely to take place. Well, that's the theory anyway.} 14.
Rf4 (14. Be3 Qg8 15. Qd2 Qh7 16. Rc1 Kc7 17. Rf4 Raf8 18. Nh4 Nd8 19. Bg4 Kb7
$13 {Sokolov,A-Yusupov,A/Riga/1986/0:1/72/}) 14... Qg8 15. Nh2 $5 Rf8 16. Ng4
Kc7 17. Bf3 Qh7 18. Ra2 Nf5 19. g3 f6 $6 (19... Re8 20. Qe2 (20. Ne3 Nce7)
20... Rhf8 21. Kf1 Kb7 $13) 20. Qe2 Kb7 (20... Nd8 $2 21. exf6 gxf6 22. Nxf6) (
20... fxe5 21. Nxe5 Nxe5 22. Qxe5+ Kb7 23. g4 Nh4 24. Bxd5+ $1 exd5 25. Qe7+)
21. Kf1 fxe5 (21... Nd8 $2 22. Qxc4) 22. Nxe5 Nxe5 23. dxe5 $1 {King: Such
closed positions are very difficult to handle. Black decides to retreat the
bishop in order to defend against the threat to the c4 pawn, but in so doing
allows White to charge the a-pawn up the board.} (23. Qxe5 Rf6 24. g4 Nh4 25.
Rxf6 gxf6 26. Qxf6 (26. Qxe6 Nxf3 27. Qxd5+ Bc6) 26... Nxf3 27. Qxf3 Bxc2)
23... Bc6 $6 (23... Kb8 24. Rb2 Ne7 $14) (23... Ka6 $6 24. Rb2 $1 Rc8 25. Rb4 {
Black's king is not particularly safe.}) 24. a4 Ne7 (24... g5 25. hxg6 Qxg6 26.
Ba3 Rfg8 27. Bg4 $16) 25. a5 Rxf4 26. Bxf4 g5 (26... g6 $142) 27. Be3 (27. Bc1)
27... Nf5 28. a6+ (28. axb6 Nxe3+ 29. Qxe3 axb6 30. Rb2 Qc7 $10) (28. Bc1 $142)
28... Kc7 {One feels that Black's king is not quite as safe as it was a few
moves ago: with the pawn on a6 the Black king has no pawn cover (it's not able
to run up to a6 anymore for instance). This means that if White is ever able
to break through with his queen into the position then it could be fatal.} 29.
Bc1 Qf7 30. Kg1 (30. Ba3 $2 g4 31. Bxg4 Nxg3+ $19) 30... Rf8 31. Bg2 (31. Bh1
$2 g4 $1 32. Qxg4 $140 Nxg3 $1 33. Qxg3 Rg8) 31... Rg8 (31... g4 32. Qxg4 Nxg3
(32... Nh4 33. Qxh4 Qxf2+ 34. Kh2 d4 35. Qe7+) 33. Qxg3 Rg8 34. Qf4 Qxh5 (34...
Qg7 35. Qf3 $18) 35. f3 Qg6 36. Qg4 $18) 32. g4 $1 Nh4 (32... Ne7 33. Ba3 $16)
33. Bh1 Rd8 (33... Rf8 34. Ba3 $16 Nf3+ 35. Kf1 Nh2+ 36. Ke1) 34. Ba3 (34. f4
$5) 34... Qf4 35. Ra1 Rd7 36. Bc1 Qf8 37. f4 $1 gxf4 38. Qf2 Qd8 (38... d4 39.
Ba3 $1) (38... Rg7 39. Qxh4 Qg8 (39... Qf5 40. Qe7+ $1) 40. Qf2 Rxg4+ 41. Kf1
$16) 39. Qxf4 $18 d4 (39... Rg7 40. Kh2) 40. Bxc6 Kxc6 41. Qe4+ Kb5 (41... Kc7
42. Qb7#) (41... Rd5 42. cxd4) 42. Rb1+ Kxa6 43. Qc6 Rd5 44. Ra1+ Ra5 45. Qxc4+
Kb7 46. Rxa5 bxa5 (46... Nf3+ 47. Kg2) 47. Qb5+ Qb6 (47... Kc8 48. Qc6+ Kb8 49.
Ba3) 48. Qxb6+ axb6 49. Kf2 $1 dxc3 50. Kg3 b5 51. Bxh6 $1 b4 52. Bf8 1-0

[Event "EU-chT (Men) 13th"]
[Site "Leon"]
[Date "2001.11.08"]
[Round "3.2"]
[White "Short, Nigel D"]
[Black "Pelletier, Yannick"]
[Result "1/2-1/2"]
[WhiteElo "2675"]
[BlackElo "2545"]
[Annotator "Pelletier,Y"]
[PlyCount "59"]
[EventDate "2001.11.06"]
[EventType "team-swiss"]
[EventRounds "9"]
[EventCountry "ESP"]
[SourceTitle "CBM 086"]
[Source "ChessBase"]
[SourceDate "2002.02.05"]
[SourceVersion "1"]
[SourceVersionDate "2002.02.05"]
[SourceQuality "1"]
[WhiteTeam "England"]
[BlackTeam "Switzerland"]
[WhiteTeamCountry "ENG"]
[BlackTeamCountry "SUI"]

1. e4 e6 2. d4 d5 3. Nc3 Bb4 4. e5 Ne7 5. a3 Bxc3+ 6. bxc3 c5 7. a4 Qa5 8. Bd2
Nbc6 9. Nf3 Bd7 10. Bb5 a6 {In den Büchern wird dieser Zug verworfen, da er im
Vergleich zu den Varianten nach 10.Be2 oder 10.Bd3 den Damenflügel schwäche.
Das ist wahr, es gibt eine Schwächung. Die Frage bleibt aber offen, ob und in
welchem Abspiel Weiss sie ausnützen kann.} 11. Be2 f6 12. c4 Qc7 13. cxd5 Nxd5
14. c4 Nde7 15. exf6 gxf6 16. dxc5 e5 17. Bc3 O-O-O 18. Qd6 {All diese Züge
sind ohne Einschaltung vom 10. Zugpaar bekannt.} Bf5 $5 ({war der von
Kortschnoj bevorzugte Zug in einer Partie gegen Jan Timman. Ich konnte mich
nicht mehr richtig erinnern, welche Figur nach f5 gegangen war und entschied
mich schliesslich für den Läufer.} 18... Nf5 19. Qxc7+ Kxc7 20. O-O Nfd4 (20...
Be6 21. Rab1) 21. Nxd4 Nxd4 22. Bd1 $6 {war die Folge in der erwähnten Partie
aus Leeuwarden 1976} ({, aber} 22. Bxd4 exd4 23. Bd3 $14 {[%csl Rb6][%cal
Yb1b7] ist besser, da Weiss das schwache Feld b6 und somit die b-Linie später
ausnützen könnte.})) 19. Qxc7+ ({Es gilt natürlich, die Annahme des Bauern zu
überprüfen:} 19. Qxf6 Rhf8 20. Qh6 Ng6 {[%csl Rd4,Rf4] mit Kompensation.})
19... Kxc7 20. Rc1 (20. O-O Bd3 {[%csl Rc4] Der Abtausch der weissfeldrigen
Läufer ist für den Nachziehenden im Prinzip wünschenswert. Hier insbesondere,
da der weisse König das Zentrum verlassen hat.}) (20. Rd1 Bc2) 20... Ng6 $5 {
[%cal Gg6f8,Gf8e6,Ge6c5,Yg6f4]} ({Ein interessantes Mannöver, dessen Ziel
einfach die Rückeroberung des Bauern c5 ist. Folgerichtiger war aber vielleicht
} 20... Bd3 21. Bxd3 Rxd3 {aber ich war mir nicht sicher, ob das Endspiel nach}
22. Ke2 Rhd8 23. Rhd1 Rxd1 24. Rxd1 Rxd1 25. Kxd1 {ausgeglichen war. Immerhin
besitzt Weiss in dieser ziemlich offenen Stellung einen Läufer.}) 21. g3 Nf8 ({
Auf} 21... h5 $5 {braucht Weiss nicht,} 22. h4 {zu spielen. Deshalb wollte ich
mich von meinem Plan nicht entfernen.}) 22. Nh4 ({In Betracht kam auch} 22. Nd2
{, um c5 zu beschützen. Darauf wollte ich mit} Ne6 23. Nb3 Ned4 {weiterfahren,
da} 24. Nxd4 exd4 25. Bd2 Rhe8 $1 {nicht schlecht aussieht.}) (22. Bd2 $6 {
ist weniger effektiv wegen} Ne6 23. Be3 Ncd4 $36 (23... Be4 $5)) 22... Bc8 $1 {
Für diesen Zug verbrauchte ich gute 40 Minuten, da ich zunächst andere Züge
gerne funktionnieren lassen wollte. Aber von den Alternativen gefiel mir keine
besonders:} ({Fangen wir mit dem thematischen Läuferabtausch an. Nach} 22...
Bd3 23. Bxd3 (23. Rd1 $5) 23... Rxd3 24. Ke2 {kann Schwarz um die d-Linie
nicht kämpfen, da er die Koordinierung seiner Türme mit 21...Nf8 geschnitten
hat. Ein weisser Turm erscheint daher auf einen Vorposten nach} Rd8 25. Rhd1
Rxd1 (25... Ne6 26. Rd5 $16) 26. Rxd1 Ne6 27. Rd5 $16 ({oder} 27. Rd6 Nxc5 28.
Rxf6 Nxa4 29. Ba1 Rd8 30. Nf3 $16)) ({Die Stellung nach} 22... Be4 $5 23. f3
Bg6 (23... Bd3 {ändert wenig zur vorigen Variante:} 24. Bxd3 Rxd3 25. Ke2 Rd8
26. Rhd1 {[%csl Rd5,Rd6] usw.}) 24. Nxg6 hxg6 {erschien mir nachteilig, da
Weiss einen potentiellen Freibauern auf der h-Linie besitzt, der mit dem
Läuferpaar gute Unterstützung findet. Trotzdem könnte es hier aber unklar sein,
z.B:} 25. Rd1 (25. f4 Ne6 26. fxe5 fxe5 27. Bf3 Nxc5 28. O-O $140 Nxa4 29. Ba1
Rd2 $40) 25... Rxd1+ (25... Ne6 26. Rd5) 26. Bxd1 Ne6 27. Bc2 f5 $132 {und c5
fällt ins Schoss.}) (22... Bh3 23. g4 Ne6 24. Rg1 {[%csl Rh3] und der Bh3
gerät ins Bedrängnis.}) (22... Be6 {gestattet Druck gegen e5 nach} 23. f4 Nd7
24. fxe5 fxe5 25. Nf3 {, da die e-Linie vom Be6 gestopft ist.}) 23. f4 ({
Schwarz ist in Ordnung nach} 23. Ng2 Ne6 24. Ne3 Nxc5 25. Nd5+ Kb8 26. Nxf6 (
26. a5 Rhf8) 26... Nxa4 27. Ba1 Nd4 $13) 23... Ne6 24. fxe5 fxe5 25. O-O ({
Nun kann nach} 25. Nf3 {einfach} Nxc5 {geschehen, ohne} 26. Nxe5 {zu fürchten:}
Rhe8 27. Nxc6 Kxc6 (27... Nd3+ 28. Kd2 Nxc1+ 29. Nxd8 Rxe2+ 30. Kxc1 Kxd8 $132)
28. Kf2 Nxa4 29. Bb4 Nc5 $5 $15) 25... Nxc5 26. a5 (26. Rf7+ Rd7) 26... Rhf8 (
26... Ne4 27. Ba1 Nd4 28. Rce1 $36 {[%csl Re5]}) 27. Rxf8 (27. Nf3 Bg4 28. Rce1
Bh3) 27... Rxf8 28. Re1 ({Nach dem zweiten Turmtausch erobert Schwarz a5:} 28.
Rf1 Rxf1+ 29. Kxf1 Nb3 $15) 28... Ne4 $5 {[%csl Rg1][%cal Ge4g5,Gg5h3]} ({
Nigel hatte} 28... b6 {erwartet, was nach} 29. axb6+ Kxb6 30. Bf3 $132 {
[%csl Ga6,Yc3,Yf3] zu einer etwa ausgeglichenen Endspiel geführt hätte. Der
Textzug plant eine Offensive gegen den weissen König.}) 29. Ba1 Ng5 $1 30. Bf1
{Hier bekam ich ein Remisangebot. Ich zögerte zwischen den Zügen 30...Nd4 und
30...Nh3+ zu lange, wobei ich 5 meiner restlichen 8 Minuten verbrauchte. Da
ich mich nicht entschliessen konnte, wählte ich die 3. Möglichkeit...} (30. Bf1
Nh3+ (30... Nd4 $6 {führt zum Dauerschach nach} 31. Bg2 Nh3+ 32. Kh1 Nf2+ 33.
Kg1 Nh3+ 34. Kh1) 31. Kh1 {und nun verpsrechen die beiden Züge} e4 ({und} 31...
Be6 {leichten Vorteil:} 32. Bg2 Nf2+ 33. Kg1 Nd3 34. Re3 Bxc4 35. Bc3 b5 36.
axb6+ Kxb6 37. Nf3 Rd8 $15) 32. Bc3 Rf2 $36 {Bei genauer Verteidigung sollte
sich aber der Anziehende retten können.}) 1/2-1/2

[Event "Monarch Assurance 08th"]
[Site "Port Erin"]
[Date "1999.11.07"]
[Round "2"]
[White "Rowson, Jonathan"]
[Black "Psakhis, Lev"]
[Result "0-1"]
[WhiteElo "2490"]
[BlackElo "2581"]
[Annotator "Psakhis,L"]
[PlyCount "84"]
[EventDate "1999.11.06"]
[EventType "swiss"]
[EventRounds "9"]
[EventCountry "IOM"]
[SourceTitle "CBM 074"]
[Source "ChessBase"]
[SourceDate "2000.02.01"]
[SourceVersion "1"]
[SourceVersionDate "2000.02.01"]
[SourceQuality "1"]

1. e4 e6 2. d4 d5 3. Nc3 Bb4 4. e5 c5 5. a3 Bxc3+ 6. bxc3 Ne7 7. h4 {Big
surprise! Rowson never played this move before.} Qc7 (7... Nbc6 $5 8. h5 Qa5
$13) 8. h5 h6 9. Nf3 b6 10. Bb5+ Bd7 ({White,s chances are better after} 10...
Nbc6 11. O-O O-O 12. Bf4 $1 {for example} Bd7 13. Rb1 cxd4 14. cxd4 f5 15. exf6
Qxf4 16. fxe7 Rf6 17. c4 Be8 18. Bxc6 Bxc6 19. Ne5 Be8 20. g3 $16 {Kovalev,
A-Hertneck,G/Deutschland 1992 (20)}) (10... Kf8 11. a4 Ba6 12. O-O Nec6 13. Nh4
Na5 14. f4 Qe7 15. g3 Bxb5 16. axb5 Nd7 17. f5 Ke8 18. Qg4 Kd8 19. Qxg7 Kc7 20.
Ng6 {1-0 De Vreugt,D-Van der Plas,R/Groningen op 1997 (20)}) 11. Be2 $6 $146 {
Too passive. White have nothing also after} (11. a4 Bxb5 12. axb5 Nd7 13. O-O
O-O 14. Re1 Rfc8 15. Re2 Kh8 16. Nh4 Nf8 17. g4 Nh7 {1/2-1/2 Pugachov,
A-Komarov,D/Paris-ch 1996 (22)}) ({more interesting and dangerous for Black
move} 11. Bd3 $5 {which leads to very complicated game after, for example} Ba4
12. O-O Nd7 13. Nh4 O-O-O 14. f4 c4 15. Be2 g6 16. hxg6 fxg6 17. Bg4 Nf8 18.
Be3 Nf5 $13 {1/2-1/2 Velicka,P-Haba,P/CZE-ch Lazne Bohdanec 1999 (53)}) 11...
Ba4 {[%csl Rc2,Rc3][%cal Rc5d4]} 12. dxc5 {It is difficult to find already
another move.} bxc5 13. Rh4 c4 $1 {Surely, Black must keep bishop on strong
position.} 14. Rg4 Rg8 $1 {[%csl Rc2,Re5][%cal Gb8d7,Ge7c6]} 15. Rb1 Nd7 (15...
Nbc6 $5 16. Bf4 Rb8 $15 {looks well for black, but I wanted to put on c6
another knight.}) 16. Rb4 $5 a5 (16... Nb6 $5 17. Bf4 $13) 17. Rxa4 $1 ({
Black could just dream about} 17. Rb1 Nc5 $17 {[%csl Rc3][%cal Gc5e4] with
clear advantage.}) 17... Nb6 18. Rb4 $1 axb4 19. cxb4 {White have some
compensation for exchange, but, maybe, not enough.} g5 $6 (19... Nd7 $1 $17 {
[%csl Re5] Was better choice}) 20. hxg6 Rxg6 21. Rxg6 Nxg6 22. Qd4 Nd7 23. Bb2
$44 Kd8 (23... c3 $5 24. Bxc3 (24. Qxc3 Qxc3+ 25. Bxc3 Rxa3 26. Kd2 $15) 24...
Rxa3 25. Bb2 Ra2 26. Bd3 $140 Nf4 $5) 24. Kd2 Qa7 $5 25. Qxa7 Rxa7 {Draw is
normal result in this ending, but White still mast make few good moves.} 26. g3
Ra8 (26... Kc7 $5 27. Nd4 {[%cal Gf2f4,Gd4b5]}) 27. Bf1 Kc7 28. Be2 Ra4 29. Bd1
Kb7 30. Be2 Ra8 {It is difficult to find real plan for Black} 31. Bd1 Ne7 $1 {
[%csl Ra3][%cal Ge7c6,Ge7c8,Gc8a7,Ga7b5]} 32. Nd4 $2 {We both had serious
problems with clock and fortunately for me Rowson first made big mistake.} ({
After} 32. Nh2 $1 $15 {White had good chances for survival.}) 32... Nxe5 33. f4
(33. Nb5 Kc6 34. Nd4+ Kb6 $17) (33. Bh5 $5) (33. Nxe6 fxe6 34. Bxe5 Rxa3) 33...
N5c6 34. Nb5 (34. Nxc6 Kxc6 35. Bh5 Ng6) 34... Nf5 35. g4 Kb6 $1 $19 36. Nc3 (
36. gxf5 Kxb5 37. fxe6 fxe6 38. c3 Ne7 39. a4+ Rxa4 $5 40. Bxa4+ Kxa4 $19)
36... Nfd4 37. Nb1 Nb5 38. Bf3 (38. c3 $5 {[%cal Ga3a4]}) 38... d4 39. c3 d3
40. Bd1 f5 $1 41. a4 Nd6 42. b5 Na5 0-1

[Event "VAM Hoogeveen 2nd"]
[Site "Hoogeveen"]
[Date "1998.10.18"]
[Round "1"]
[White "Spassky, Boris Vasilievich"]
[Black "Shaked, Tal"]
[Result "1/2-1/2"]
[WhiteElo "2545"]
[BlackElo "2490"]
[Annotator "Psakhis,L"]
[PlyCount "64"]
[EventDate "1998.10.18"]
[EventType "tourn"]
[EventRounds "6"]
[EventCountry "NED"]
[EventCategory "14"]
[SourceTitle "EXT 1999"]
[Source "ChessBase"]
[SourceDate "1998.11.16"]
[SourceVersion "1"]
[SourceVersionDate "1998.11.16"]
[SourceQuality "1"]

1. e4 e6 2. d4 d5 3. Nc3 Bb4 4. e5 c5 5. a3 Bxc3+ 6. bxc3 Ne7 7. a4 Nbc6 8. Nf3
Qa5 9. Bd2 Bd7 10. Be2 f6 11. exf6 gxf6 12. O-O {This move was popular 30
years ago, later White tryed to fight for an advantage in the line} (12. c4 Qc7
{but without big success.}) 12... c4 13. Nh4 (13. Re1 O-O-O 14. Bf1 Nf5 15. Qc1
h5 (15... Rdg8 16. g3 h5 17. Bh3 h4 18. Bxf5 exf5 19. Bf4 hxg3 20. fxg3 Qxc3
21. Re3 Qa5 $13 {1-0 Suetin,A-Pietzsch,W/Minsk 1968/(36)}) 16. Qa3 Rdg8 17.
Rab1 Nd8 18. Rb4 Rh7 19. h3 Rhg7 20. Bf4 Bc6 $132 {0-1 Suetin,A-Uhlmann,W/
DDR-BLR 1967 (35)}) 13... O-O-O 14. g3 {[%csl Re6][%cal Gh4g2,Gg2f4] N/} ({
Black hasn,t even shadow of troubles after} 14. f4 Ng6 15. Nf3 Nce7 {for
example} 16. Re1 Rdg8 17. Bf1 Qc7 18. Qc1 Nf5 19. Kh1 h5 20. Ng1 Nd6 21. Ne2
Ne4 22. Be3 Nh4 23. Qa3 Bc6 24. Ng1 Qxf4 {0-1 Koskinen-Havansi/corr 1980 (24)
but I am not sure, that move in the text is better.}) 14... e5 15. f4 exd4 (
15... e4 16. f5 $1) 16. cxd4 Qc7 17. c3 (17. Bc1 Nf5 18. Nf3 Rde8 $36) 17...
Nf5 18. Ng2 (18. Nf3 h5 {[%cal Gd8g8,Gh5h4]}) 18... Na5 $1 {[%csl Rb3] Shaked
easily solved all opening problems and he trying now to seized initiative on
the queen side.} 19. Bf3 Nb3 20. Ra2 Qa5 21. g4 $5 Nd6 22. f5 h5 23. Ne3 {
White position is rather dangerous and Spassky tryes to find chances in
complications.} (23. Bf4 hxg4 24. Bxd6 (24. Bxg4 Ne4 $19) 24... gxf3 25. Qxf3
Rde8 $17) 23... hxg4 24. Bxd5 Rde8 {[%cal Rh8h2,Re8e3,Ga5c7]} 25. Bg2 Ne4 26.
Be1 Nxc3 (26... Qc7 27. Nxg4 Rhg8 28. h3) 27. Bxc3 ({Maybe stronger was to play
} 27. Nxc4 {and after , for example} Qb4 (27... Nxd1 28. Bxa5 Ne3 (28... Nxa5
29. Nd6+ Kc7 30. Nxe8+ Rxe8 31. Rxd1 $16) 29. Nxe3 (29. Nd6+ Kb8 30. Nxe8 Rxe8
31. Bb4 Nxf1 32. Kxf1 $13) 29... Rxe3 30. Rc2+ Kb8 31. Bc7+ Ka8 32. a5 $1) 28.
Rc2 $1 Rxe1 $1 29. Qxe1 Nxd4 30. Rxc3 Qxc3 31. Nd6+ Kb8 32. Qxc3 Ne2+ 33. Kh1
Nxc3 34. a5 {White have some compensation for the pawn.}) 27... Qxc3 28. Nxc4
Kb8 29. Nd6 Qe3+ 30. Rff2 {Only move, lost immediately} (30. Kh1 $2 Rxh2+ 31.
Kxh2 Rh8+ $19 {or}) (30. Raf2 g3 $1 31. hxg3 Qxg3 32. Rf3 (32. Rb2 Qh2+ 33. Kf2
Bc6 $1 34. d5 Qxd6 35. dxc6 Qc5+ $19)) 30... Qe1+ $2 {I suppose, that Shaked
had troubles with time in other case he will choose} (30... Qxd4 31. Qxd4 (31.
Qxb3 Re1+ 32. Bf1 Qxd6 33. Rad2 Qc7 $19) 31... Re1+ 32. Rf1 Rxf1+ 33. Kxf1 Nxd4
$17 {with good chances for victory.}) 31. Rf1 Qe3+ 32. Rff2 Qe1+ 1/2-1/2

[Event "ESP-chB"]
[Site "Seville"]
[Date "2004.08.14"]
[Round "2"]
[White "Del Rio de Angelis, Salvador Gabriel"]
[Black "Lopez Martinez, Josep Manuel"]
[Result "1/2-1/2"]
[WhiteElo "2502"]
[BlackElo "2437"]
[Annotator "Psakhis,L"]
[PlyCount "54"]
[EventDate "2004.08.03"]
[EventType "tourn"]
[EventRounds "5"]
[EventCountry "ESP"]
[EventCategory "10"]
[SourceTitle "CBM 103"]
[Source "ChessBase"]
[SourceDate "2004.11.11"]
[SourceVersion "1"]
[SourceVersionDate "2004.11.11"]
[SourceQuality "1"]

1. e4 e6 2. d4 d5 3. Nc3 Bb4 4. e5 Ne7 5. a3 Bxc3+ 6. bxc3 c5 7. a4 Qa5 8. Bd2
Bd7 9. Nf3 Nbc6 10. Bb5 Qc7 (10... a6 $5) (10... f6 $5) 11. O-O O-O (11... Na5
$5 12. Be2 h6 13. Bc1 cxd4 14. cxd4 Nc4 15. c3 Rc8 16. Nd2 Nxd2 17. Bxd2 O-O
18. f4 $14 {0-1 Arakhamia,K-Peng Zhaoqin/EUR-chW Dresden 2004/ (35)}) 12. Re1 (
12. Bc1 b6 13. Ba3 Na5 14. dxc5 Bxb5 (14... bxc5 $5) 15. cxb6 axb6 16. axb5
Rfc8 17. Bb4 Nc4 18. Rxa8 Rxa8 19. Re1 Ng6 $44 {1-0 Nunn,J-Jussupow,A/Belgrade
1991 (39)}) 12... h6 13. Bd3 ({White failed to get any advantage after} 13. Bf4
Ng6 14. Bg3 Nce7 $1 15. Bd3 c4 16. Bxg6 fxg6 17. h4 Rf7 18. Qb1 Kh7 19. Qb4 Nf5
20. Bh2 Raf8 $15 {0-1 Byrne,R-Vaganian,R/Moscow 1975 (31)}) 13... b6 14. Qc1 c4
15. Bf1 (15. Be2 f6 $1 16. Bf4 Ng6 17. Bg3 f5 18. h4 f4 19. Bh2 Rf5 20. g4 fxg3
21. fxg3 Raf8 22. Rf1 Be8 23. Qe3 Qd8 24. Rf2 Nce7 25. Bf1 R5f7 26. Bh3 Nf5 27.
Qe2 a5 {1/2-1/2 Nunn,J-Dolmatov,S/Pardubice 1993 (27)}) 15... Qd8 $146 {
According to my database, this position appeared for the first time} (15... Kh7
16. g3 f6 17. exf6 Rxf6 18. Ne5 Nxe5 19. dxe5 Rff8 20. a5 bxa5 21. Qa3 Nc6 22.
f4 Kg8 $13 {Yagupov,I-Doroshkievich,V/St Petersburg WN 2003/0-1 (64)}) (15...
f6 $5 16. g3 Ng6 17. Bg2 fxe5 18. Nxe5 Ngxe5 19. dxe5 Be8 20. f4 Bg6 21. Qd1
Rad8 22. Bc1 Na5 23. Ba3 Rf7 24. Bh3 Re8 25. Bg4 Qc6 $15 {1/2-1/2 Wedberg,
T-Brynell,S/SWE-ch Gothenburg 2004/(45)}) 16. h4 (16. g3 $5 f6 17. Bg2 Ng6 $13)
16... f6 17. exf6 ({Black would get an easy game in case of} 17. Bf4 Ng6 18.
exf6 (18. Bg3 fxe5 19. dxe5 (19. h5 e4 $1) 19... Nge7 {[%cal Ge7f5]}) 18...
Nxf4 19. Qxf4 Qxf6 $11) 17... Rxf6 18. Nh2 (18. Bf4 $5 {[%csl Ge5]}) 18... Qf8
{In my opinion Black has solved his opening problems and has a rather
comfortable play here.} (18... Rf8 $5 19. Ng4 Nf5 20. g3 Qe8 {[%csl Ra4][%cal
Ge8g6]}) 19. Ng4 Rf5 (19... Rf7 $5) 20. Qd1 ({It is not so easy to assess
positions arising after sharp} 20. Bxh6 gxh6 21. Nxh6+ Kh7 22. Nxf5 Qxf5 $132)
20... Ng6 $5 21. h5 Nge7 {This is a typical maneuver for such positions.} 22.
Qe2 (22. Be2 $5 {[%csl Gh5]}) 22... Qf7 $1 23. Bxh6 (23. a5 $5) 23... Rxh5 24.
Bd2 Qg6 {Although the position is balanced, black seems to have the easier
play.} 25. g3 (25. Bf4 Rf8 26. Bg3 Qh7 27. Nh2 (27. f3 Rh1+ 28. Kf2 Nf5 $40)
27... Rf6 $1 $17 {[%cal Gf6h6]}) 25... Qxc2 {This move doesn't spoil anything
but it wasn't essential.} (25... Rh8 $142 $5 {[%cal Gg6h7]} 26. Bg2 (26. Qd1 $2
e5 $3 27. Nxe5 Qh7 28. Bg2 Qh2+ 29. Kf1 Bh3 30. Bxh3 Qxh3+ 31. Ke2 Nxe5 32.
dxe5 Qg4+ $19) 26... Qxc2 $15) 26. Ne5 $1 Qh7 $1 27. Nxd7 (27. Bg2 Nxe5 28.
dxe5 Nc6 $17) 27... Rh1+ ({White can't avoid perpetual check, for example:} 
27... Rh1+ 28. Kg2 Qh3+ 29. Kf3 Qh5+ 30. g4 Rh3+ 31. Kg2 (31. Bxh3 $2 Qxh3+ 32.
Kf4 Ng6+ 33. Kg5 Qh6#) 31... Rh2+ 32. Kf3 (32. Kg3 Qh4+ 33. Kf3 e5 $1 34. dxe5
Rf8+ $1 35. Nxf8 Nxe5+ $1 36. Ke3 Qg5+ 37. f4 Nf5+ 38. gxf5 Qg1+ $19) 32...
Rh3+ $11) 1/2-1/2